Oracle E-business suite development and extensibility handbook / (Record no. 18720)
[ view plain ]
| 000 -LEADER | |
|---|---|
| fixed length control field | 01051cam a22002894a 4500 |
| 001 - CONTROL NUMBER | |
| control field | 16178272 |
| 005 - DATE AND TIME OF LATEST TRANSACTION | |
| control field | 20141204103614.0 |
| 008 - FIXED-LENGTH DATA ELEMENTS--GENERAL INFORMATION | |
| fixed length control field | 100408t2010 xxuako fr 001 0 eng d |
| 010 ## - LIBRARY OF CONGRESS CONTROL NUMBER | |
| LC control number | 2010278095 |
| 020 ## - INTERNATIONAL STANDARD BOOK NUMBER | |
| International Standard Book Number | 9780071629423 (pbk.) |
| 020 ## - INTERNATIONAL STANDARD BOOK NUMBER | |
| International Standard Book Number | 0071629424 (pbk.) |
| 040 ## - CATALOGING SOURCE | |
| Original cataloging agency | UKM |
| Transcribing agency | UKM |
| Modifying agency | BTCTA |
| -- | BWX |
| -- | YDXCP |
| -- | UPM |
| -- | AU@ |
| -- | QBX |
| -- | DLC |
| -- | EG-ScBUE |
| 082 00 - DEWEY DECIMAL CLASSIFICATION NUMBER | |
| Classification number | 005.7565 |
| Edition number | 22 |
| Item number | PAS |
| 100 1# - MAIN ENTRY--PERSONAL NAME | |
| Personal name | Passi, Anil |
| 9 (RLIN) | 36799 |
| 245 10 - TITLE STATEMENT | |
| Title | Oracle E-business suite development and extensibility handbook / |
| Statement of responsibility, etc | Anil Passi, Vladimir Ajvaz. |
| 246 3# - VARYING FORM OF TITLE | |
| Title proper/short title | Oracle E-business suite development & extensibility handbook |
| 260 ## - PUBLICATION, DISTRIBUTION, ETC. (IMPRINT) | |
| Place of publication, distribution, etc | New York, United States : |
| Name of publisher, distributor, etc | McGraw-Hill / Osborne, |
| Date of publication, distribution, etc | c.2010. |
| 300 ## - PHYSICAL DESCRIPTION | |
| Extent | xix, 484 p. : |
| Other physical details | forms, photographs, tables ; |
| Dimensions | 23 cm. |
| 500 ## - GENERAL NOTE | |
| General note | "Oracle ; Oracle Press." |
| 500 ## - GENERAL NOTE | |
| General note | "Covers Release 12"--Cover. |
| 504 ## - BIBLIOGRAPHY, ETC. NOTE | |
| Bibliography, etc | Index : p. 467-484. |
| 630 00 - SUBJECT ADDED ENTRY--UNIFORM TITLE | |
| Uniform title | Oracle E-business suite |
| 9 (RLIN) | 36800 |
| 653 ## - INDEX TERM--UNCONTROLLED | |
| Resource For college | BAEPS, Business Administration |
| -- | Informatics and Computer Science |
| Arrived date list | December2014 |
| 655 ## - INDEX TERM--GENRE/FORM | |
| Form subdivision | |
| -- | 34232 |
| 700 1# - ADDED ENTRY--PERSONAL NAME | |
| Personal name | Ajvaz, Vladimir |
| 9 (RLIN) | 36801 |
| 942 ## - ADDED ENTRY ELEMENTS (KOHA) | |
| Source of classification or shelving scheme | Dewey Decimal Classification |
| Call number prefix | 005.7565 PAS |
| Withdrawn status | Item status | Source of classification or shelving scheme | Damaged status | Not for loan | Vendor | Home library | Current library | Shelving location | Date acquired | Source of acquisition | Cost, normal purchase price | Serial Enumeration / chronology | Total Checkouts | Full call number | Barcode | Date last seen | Cost, replacement price | Koha item type |
|---|---|---|---|---|---|---|---|---|---|---|---|---|---|---|---|---|---|---|
| Dewey Decimal Classification | Baccah | Central Library | Central Library | Lower Floor | 04/12/2014 | 360.00 | 20677 | 005.7565 PAS | 000037101 | 15/07/2025 | 450.00 | Book - Borrowing |